|
|
|
|
| LEADER |
00000nab a2200000 a 4500 |
| 001 |
vtls000078631 |
| 003 |
SK-MaSNL |
| 005 |
20260303031732.0 |
| 008 |
111103c1981 xo 0 slo |
| 015 |
|
|
|a SNBRB19rr/mm-uuuuu
|
| 035 |
|
|
|a CL0088732
|
| 040 |
|
|
|a SNKBUCL
|b slo
|c SNKBUCL
|e AACR2
|
| 041 |
0 |
|
|a slo
|
| 044 |
|
|
|a xo
|c SK
|
| 080 |
|
|
|a 730
|2 1981
|
| 100 |
1 |
|
|a Goliášová-Drobná, Anna
|4 aut
|9 678330
|
| 245 |
1 |
0 |
|a Socha - bytím a radosťou
|b Zhovárame sa s akademickou sochárkou Annou Goliášovou-Drobnou
|c Goliášová, Anna Drobná, (jf)
|
| 300 |
|
|
|b Obr. 1.
|
| 650 |
0 |
7 |
|a Goliášová-Drobná, Anna
|2 snkbucl
|9 948444
|
| 655 |
|
7 |
|a články z novín a časopisov
|2 snkbucl
|9 267496
|
| 700 |
1 |
|
|a Drobná, Anna
|4 aut
|9 502606
|
| 700 |
1 |
|
|a (jf)
|4 aut
|9 910294
|
| 773 |
0 |
|
|t Večerník
|g Roč. 26, č. 12 (19. 1. 1981), s. 5
|
| 850 |
|
|
|a Slovenská národná knižnica v Martine
|a MTA001
|
| 852 |
|
|
|a SNK
|b KIS3GCP
|
| 958 |
|
|
|a RK
|
| 992 |
|
|
|a RBX
|
| 999 |
|
|
|c 1659921
|d 1661851
|